ბათუმის შოთა რუსთაველის სახელმწიფო უნივერსიტეტის ბიბლიოთეკა

Законодательная техника (ბიბ.ჩანაწერი № 35499)

000 -LEADER
fixed length control field 00669nam a2200229Ia 4500
001 - CONTROL NUMBER
control field 1359
003 - CONTROL NUMBER IDENTIFIER
control field GE_BSU
008 - FIXED-LENGTH DATA ELEMENTS--GENERAL INFORMATION
fixed length control field 181216s||||||||xx |||||||||||||| ||und||
020 ## - INTERNATIONAL STANDARD BOOK NUMBER
International Standard Book Number 5238010869
040 ## - CATALOGING SOURCE
Transcribing agency GE_BSU
080 ## - UNIVERSAL DECIMAL CLASSIFICATION NUMBER
Universal Decimal Classification number 34(470+571)(075.8)
100 ## - MAIN ENTRY--PERSONAL NAME
Personal name Чухвичев,Д.В.
245 ## - TITLE STATEMENT
Title Законодательная техника
245 ## - TITLE STATEMENT
Remainder of title Уч-е пособие для студ. вузов обуч.ся по напр."Юриспруденция
260 ## - PUBLICATION, DISTRIBUTION, ETC.
Place of publication, distribution, etc. Москва
260 ## - PUBLICATION, DISTRIBUTION, ETC.
Name of publisher, distributor, etc. Юнити-Дана
260 ## - PUBLICATION, DISTRIBUTION, ETC.
Date of publication, distribution, etc. 2006
300 ## - PHYSICAL DESCRIPTION
Extent 239стр.
653 ## - INDEX TERM--UNCONTROLLED
Uncontrolled term Законодательная техника
942 ## - ADDED ENTRY ELEMENTS (KOHA)
Koha item type წიგნი
ეგზემპლარები
Withdrawn status Lost status Damaged status Not for loan Date acquired Barcode Date last seen Price effective from Koha item type
        2018-12-17 1783 2018-12-17 2018-12-17 წიგნი